|
|
|
|
| LEADER |
01382nam a2200373 a 4500 |
| 001 |
EBC699376 |
| 003 |
MiAaPQ |
| 005 |
20200520144314.0 |
| 006 |
m o d | |
| 007 |
cr cn||||||||| |
| 008 |
100125s2010 nju sb 001 0 eng d |
| 010 |
|
|
|z 2009054389
|
| 020 |
|
|
|z 9780470712429 (cloth)
|
| 020 |
|
|
|a 9780470660331 (electronic bk.)
|
| 035 |
|
|
|a (MiAaPQ)EBC699376
|
| 035 |
|
|
|a (Au-PeEL)EBL699376
|
| 035 |
|
|
|a (CaPaEBR)ebr10521367
|
| 035 |
|
|
|a (CaONFJC)MIL337168
|
| 035 |
|
|
|a (OCoLC)711589769
|
| 040 |
|
|
|a MiAaPQ
|c MiAaPQ
|d MiAaPQ
|
| 050 |
|
4 |
|a HD60
|b .R4715 2010
|
| 082 |
0 |
4 |
|a 658.4/08
|2 22
|
| 245 |
0 |
0 |
|a Responsible business
|h [electronic resource] :
|b how to manage a CSR strategy successfully /
|c edited by Manfred Pohl and Nick Tolhurst.
|
| 260 |
|
|
|a Hoboken, N.J. :
|b Wiley,
|c 2010.
|
| 300 |
|
|
|a xx, 348 p.
|
| 500 |
|
|
|a "An ICCA publication"--Cover.
|
| 504 |
|
|
|a Includes bibliographical references and index.
|
| 533 |
|
|
|a Electronic reproduction. Ann Arbor, MI : ProQuest, 2015. Available via World Wide Web. Access may be limited to ProQuest affiliated libraries.
|
| 650 |
|
0 |
|a Social responsibility of business.
|
| 655 |
|
4 |
|a Electronic books.
|
| 700 |
1 |
|
|a Pohl, Manfred,
|d 1944-
|
| 700 |
1 |
|
|a Tolhurst, Nick.
|
| 710 |
2 |
|
|a ProQuest (Firm)
|
| 856 |
4 |
0 |
|u https://ebookcentral.proquest.com/lib/matrademy/detail.action?docID=699376
|z Click to View
|